[Event "38th Olympiad"]
[Site "Dresden GER"]
[Date "2008.11.23"]
[Round "10"]
[White "Petrik,T"]
[Black "Tkachiev,V"]
[Result "0-1"]
[WhiteElo "2487"]
[BlackElo "2664"]
[EventDate "2008.11.13"]

1. e4 d6 2. d4 Nf6 3. Nc3 g6 4. Be3 a6 5. h3 Bg7 6. f4 O-O 7. Nf3 e6 8. e5
Nd5 9. Nxd5 exd5 10. Bd3 Nc6 11. c3 dxe5 12. fxe5 f6 13. exf6 Qxf6 14. O-O
Bf5 15. Bxf5 Qxf5 16. Qb3 Na5 17. Qb4 b6 18. Rae1 Qd7 19. b3 Rae8 20. Qa3
Re4 21. Ne5 Qe8 22. Rxf8+ Bxf8 23. Qc1 Nc6 24. Nxc6 Qxc6 25. Bf4 Bd6 26.
Rxe4 dxe4 27. c4 Bxf4 28. Qxf4 b5 29. c5 Qd5 30. Qe3 b4 31. Kf1 a5 32. Qf2
Qd7 33. Ke1 a4 34. Qf6 axb3 35. axb3 Qd5 36. Kd2 e3+ 37. Kxe3 Qxb3+ 38. Ke4
Qc2+ 39. Kd5 b3 40. Qd8+ Kg7 41. Qxc7+ Kh6 42. Qf4+ Kg7 43. Qe5+ Kh6 44.
Qe3+ Kg7 45. Qe7+ Kh6 46. Qh4+ 0-1

[Event "38th Olympiad"]
[Site "Dresden GER"]
[Date "2008.11.23"]
[Round "10"]
[White "Maze,S"]
[Black "Vavrak,P"]
[Result "1-0"]
[WhiteElo "2577"]
[BlackElo "2478"]
[EventDate "2008.11.13"]

1. c4 e6 2. Nc3 d5 3. e3 c5 4. d4 Nf6 5. Nf3 Nc6 6. a3 a6 7. dxc5 Bxc5 8.
b4 Ba7 9. Bb2 O-O 10. Qc2 Qe7 11. g4 d4 12. exd4 e5 13. dxe5 Bxg4 14. Be2
Bxf3 15. exf6 Qxf6 16. Nd5 Qe6 17. Rg1 f6 18. Rg3 Be4 19. Qd2 Rad8 20.
O-O-O b5 21. Bg4 Qf7 22. Qe2 f5 23. Bh5 g6 24. Bxg6 hxg6 25. Qh5 Bd4 26.
Rxg6+ 1-0

[Event "38th Olympiad"]
[Site "Dresden GER"]
[Date "2008.11.23"]
[Round "10"]
[White "Gallagher,Jo"]
[Black "Berkes,F"]
[Result "1/2-1/2"]
[WhiteElo "2480"]
[BlackElo "2645"]
[EventDate "2008.11.13"]

1. e4 c6 2. d4 d5 3. Nd2 dxe4 4. Nxe4 Bf5 5. Ng3 Bg6 6. Nf3 Nd7 7. Bc4 e6
8. O-O Ngf6 9. Re1 Qc7 10. Qe2 Be7 11. c3 Nd5 12. Bb3 O-O 13. Ne5 Nxe5 14.
dxe5 Rad8 15. Bc2 Nb6 16. Bxg6 hxg6 17. Bf4 Nd5 18. Bd2 Rd7 19. Rad1 Rfd8
20. Bc1 Qa5 21. Rd4 Qxa2 22. h4 Nb6 23. Rxd7 Rxd7 24. h5 Qc4 25. hxg6 Qxe2
26. gxf7+ Kxf7 27. Nxe2 Nc4 28. Nd4 c5 29. Nf3 a5 30. b3 Nb6 31. Be3 Nd5
32. c4 Nb4 33. Kf1 Nc2 34. Rb1 b5 35. cxb5 Nxe3+ 36. fxe3 Rb7 37. Ke2 Rxb5
38. Nd2 Kg6 39. Kd3 Rb4 40. Ra1 Bd8 41. Rc1 Be7 42. Ra1 Bd8 43. Rc1 Rb5 44.
Ke4 Bc7 45. Rc3 Kf7 46. Kf4 Ke7 47. e4 g5+ 48. Kxg5 Bxe5 49. Rh3 Kd7 50.
Nc4 Bd4 51. Rh7+ Kd8 52. e5 Rxb3 53. Kf6 Rg3 54. Kxe6 Rg6+ 55. Kd5 Rxg2 56.
Nd6 Bxe5 57. Kxe5 Re2+ 58. Kd5 Re7 59. Rh8+ Kd7 60. Ra8 c4 61. Nxc4 Re1 62.
Ra7+ Ke8 63. Ne5 Kf8 64. Ke6 Kg8 65. Kf6 Rf1+ 66. Kg5 Kf8 67. Rxa5 Ke7 68.
Ra6 Rf2 69. Ng6+ Kd7 70. Nf4 Rb2 71. Kf5 Rb5+ 72. Ke4 Rb1 73. Nd3 Rd1 74.
Rh6 Ke7 75. Nc5 Re1+ 76. Kd5 Rd1+ 77. Ke5 Re1+ 78. Ne4 Kd7 79. Rh2 Kc6 80.
Rc2+ Kd7 81. Rc3 Re2 82. Rc1 Re3 83. Rc2 Re1 84. Rc3 Re2 85. Kd5 Re1 86.
Rd3 Re2 87. Rh3 Kc7 88. Rh7+ Kb6 89. Rh6+ Kc7 90. Rc6+ Kd7 91. Re6 Kc7 92.
Rc6+ Kd7 93. Ra6 Kc7 94. Ra7+ Kb6 95. Ra1 Kc7 96. Rc1+ 1/2-1/2

[Event "38th Olympiad"]
[Site "Dresden GER"]
[Date "2008.11.23"]
[Round "10"]
[White "Guseinov,G"]
[Black "Ezat,M"]
[Result "1-0"]
[WhiteElo "2650"]
[BlackElo "2425"]
[EventDate "2008.11.13"]

1. e4 c6 2. d4 d5 3. Nd2 Qc7 4. Bd3 dxe4 5. Nxe4 Bf5 6. Qf3 e6 7. Bf4 Qa5+
8. Bd2 Qc7 9. O-O-O Nd7 10. Ng5 Nh6 11. Bxf5 Nxf5 12. Nxf7 Kxf7 13. g4 g6
14. Nh3 Be7 15. gxf5 exf5 16. Qb3+ Kg7 17. Nf4 Nf8 18. Rhg1 Rg8 19. d5 Qb6
20. Qc3+ Kf7 21. dxc6 Qb5 22. cxb7 Rb8 23. Rge1 Rxb7 24. Re5 Qb4 25. Rxe7+
Qxe7 26. Re1 Qc7 27. Qd4 Qc6 28. Nd3 Nd7 29. Qh4 Rg7 30. Qe7+ Kg8 31. Qe8+
1-0

[Event "38th Olympiad"]
[Site "Dresden GER"]
[Date "2008.11.23"]
[Round "10"]
[White "Abdel Razik,K"]
[Black "Mammadov,R"]
[Result "0-1"]
[WhiteElo "2406"]
[BlackElo "2121"]
[EventDate "2008.11.13"]

1. d4 g6 2. c4 Bg7 3. e4 d6 4. Nc3 Nc6 5. Nge2 e5 6. Be3 Nf6 7. f3 a6 8. d5
Ne7 9. c5 O-O 10. cxd6 cxd6 11. Qb3 b5 12. a4 Qa5 13. Bd2 Rb8 14. Na2 Qb6
15. Be3 Qa5+ 16. Bd2 Qb6 17. Be3 Qd8 18. axb5 Rxb5 19. Qa3 Nfxd5 20. exd5
Nxd5 21. Bd2 e4 22. Nec3 e3 23. Bxb5 exd2+ 24. Kd1 Ne3+ 25. Kxd2 Qg5 26. f4
Qxf4 27. Qb4 Nc4+ 28. Kc2 axb5 0-1

[Event "38th Olympiad"]
[Site "Dresden GER"]
[Date "2008.11.23"]
[Round "10"]
[White "Cuartas,Ja"]
[Black "Nguyen Ngoc Truong Son"]
[Result "1/2-1/2"]
[WhiteElo "2489"]
[BlackElo "2567"]
[EventDate "2008.11.13"]

1. e4 e6 2. d4 d5 3. exd5 exd5 4. Nf3 Nc6 5. Bb5 Bd6 6. O-O Nge7 7. Re1 O-O
8. c3 Bf5 9. Nh4 Be6 10. Bd3 Re8 11. Nd2 Ng6 12. Nxg6 hxg6 13. Nf3 Bg4 14.
Rxe8+ Qxe8 15. Be3 Ne7 16. h3 Bf5 17. Bf1 c6 18. Qb3 Qc8 19. Re1 b5 20. Qd1
Qc7 21. Bd2 Rb8 22. Ng5 f6 23. Ne6 Bxe6 24. Rxe6 Kf7 25. Qg4 f5 26. Qe2 Qd7
27. Re3 Ng8 28. Qf3 Nf6 29. Bd3 Re8 30. Rxe8 Qxe8 31. Be3 Qe6 32. g3 Bc7
33. Kg2 Bd6 34. h4 Kg8 35. Bg5 Ne4 36. Be3 Nf6 37. Bg5 Ne4 38. Be3 Nf6 39.
Bg5 Ne4 1/2-1/2

[Event "38th Olympiad"]
[Site "Dresden GER"]
[Date "2008.11.23"]
[Round "10"]
[White "Barrientos,S"]
[Black "Dao Thien Hai"]
[Result "0-1"]
[WhiteElo "2450"]
[BlackElo "2510"]
[EventDate "2008.11.13"]

1. e4 c5 2. Nf3 e6 3. d4 cxd4 4. Nxd4 Nf6 5. Nc3 d6 6. g4 a6 7. g5 Nfd7 8.
Be3 b5 9. Bg2 Bb7 10. O-O Nb6 11. b3 N8d7 12. f4 Rc8 13. Nce2 Nc5 14. Ng3
d5 15. Qg4 dxe4 16. f5 e5 17. Ne6 fxe6 18. Qh5+ Ke7 19. f6+ gxf6 20. gxf6+
Kd6 21. Rad1+ Bd5 22. b4 Nca4 23. Nxe4+ Kc6 24. Ng5 Qe8 25. f7 Qe7 26. Nf3
Bg7 27. Qg4 Bf6 28. Bh6 Nc3 29. Rde1 Nd7 30. Nd4+ Kb6 31. Bxd5 exd5 32.
f8=Q Rhxf8 33. Bxf8 Rxf8 34. Kh1 Qd6 35. Ne6 Rf7 36. Nc5 Nxc5 37. bxc5+
Kxc5 38. Qc8+ Qc6 39. Qf5 Ne4 40. Rf3 Kb6 41. Qh5 Rg7 42. Ref1 d4 43. Qh6
Rg6 44. Qxh7 Bg7 45. Qg8 Nd2 46. Qb8+ Ka5 47. Qd8+ Ka4 0-1

[Event "38th Olympiad"]
[Site "Dresden GER"]
[Date "2008.11.23"]
[Round "10"]
[White "Tu Hoang Thong"]
[Black "Clavijo,J"]
[Result "1-0"]
[WhiteElo "2496"]
[BlackElo "2358"]
[EventDate "2008.11.13"]

1. e4 c5 2. Nc3 d6 3. f4 Nc6 4. Nf3 g6 5. Bc4 Bg7 6. O-O e6 7. d3 Nge7 8.
Qe1 O-O 9. f5 d5 10. Bb3 d4 11. Ne2 exf5 12. Qh4 Qd6 13. Ng3 h5 14. Bf4 Qf6
15. Bg5 Qd6 16. e5 Qc7 17. Bf6 f4 18. Nxh5 gxh5 19. Qg5 Nf5 20. Nh4 Nce7
21. Rxf4 Kh7 22. Rxf5 Bh6 23. Qxh5 Ng8 24. Raf1 a5 25. Rg5 1-0

[Event "38th Olympiad"]
[Site "Dresden GER"]
[Date "2008.11.23"]
[Round "10"]
[White "Kotronias,V"]
[Black "Parligras,M"]
[Result "1-0"]
[WhiteElo "2587"]
[BlackElo "2611"]
[EventDate "2008.11.13"]

1. e4 c5 2. Nf3 Nc6 3. d4 cxd4 4. Nxd4 Nf6 5. Nc3 e5 6. Ndb5 d6 7. Bg5 a6
8. Na3 b5 9. Bxf6 gxf6 10. Nd5 f5 11. Bd3 Be6 12. c3 Bg7 13. Nxb5 axb5 14.
Bxb5 Bd7 15. exf5 O-O 16. O-O Re8 17. Qg4 Kh8 18. a4 e4 19. Rad1 Re5 20.
Ne3 d5 21. Rxd5 Rxd5 22. Nxd5 Ne5 23. Qxe4 Bxf5 24. Qxf5 Qxd5 25. Re1 Rd8
26. h3 h6 27. b4 Rd6 28. Re3 Rg6 29. g3 Rg5 30. Qc8+ Kh7 31. h4 Rg6 32. Qf5
Kg8 33. Bf1 Re6 34. a5 Qa2 35. Be2 Qd2 36. Kg2 Qd5+ 37. Qe4 Qxe4+ 38. Rxe4
Nc6 39. Rxe6 fxe6 40. a6 Na7 41. b5 Be5 42. b6 Nc8 43. b7 Na7 44. Bc4 Kf7
45. f4 Bb8 46. f5 Nc6 47. Bxe6+ Kf6 48. Kf3 Na7 49. Bd7 Ke5 50. Kg4 Kf6 51.
Ba4 Kg7 52. c4 Bc7 53. c5 Bb8 54. Kh5 Bxg3 55. f6+ Kxf6 56. Kxh6 Be5 57.
Kh7 Ke6 58. h5 Kd5 59. h6 Kxc5 60. Kg8 1-0

[Event "38th Olympiad"]
[Site "Dresden GER"]
[Date "2008.11.23"]
[Round "10"]
[White "Mastrovasilis,D"]
[Black "Vajda,Le"]
[Result "0-1"]
[WhiteElo "2572"]
[BlackElo "2582"]
[EventDate "2008.11.13"]

1. e4 g6 2. d4 Bg7 3. Nf3 d6 4. Bc4 c6 5. Nbd2 Nf6 6. Bb3 O-O 7. O-O Nbd7
8. Re1 e5 9. Nc4 Nxe4 10. Rxe4 d5 11. Re1 dxc4 12. Bxc4 Nb6 13. Bg5 Qc7 14.
Bb3 exd4 15. Re7 Qd6 16. Nd2 Bf5 17. Qf3 Nd5 18. Ne4 Bxe4 19. Rxe4 Rae8 20.
Rae1 Re6 21. g3 Rfe8 22. Rxe6 Rxe6 23. Bd2 Rxe1+ 24. Bxe1 Qe7 25. Bd2 Nc7
26. Kg2 Qd7 27. a4 Ne6 28. Bc4 h5 29. b4 a6 30. b5 axb5 31. axb5 cxb5 32.
Bd5 Nd8 33. Bg5 Nc6 34. Qe4 Kh7 35. Bb3 Ne5 36. Qd5 Qc6 37. f3 Nc4 38. Qxf7
Kh8 39. h4 Kh7 40. Kh2 Kh8 41. Kg2 Kh7 42. Kf2 b6 43. Bf4 Qc5 44. Ke2 Qb4
45. Qd5 Qe7+ 46. Kf2 Qc5 47. Qxc5 bxc5 48. Bxc4 bxc4 49. Bd6 Kg8 50. Bxc5
Kf7 51. Bb4 Ke6 52. Ke2 Kd5 53. Be1 Kc5 54. Kd1 Be5 55. Kc1 Kb5 56. Kb1 Bg7
57. Kc1 Bh6+ 58. Kd1 Ka4 59. Bf2 Bg7 60. Kc1 Kb4 61. Be1+ Ka3 62. g4 Bh6+
63. g5 Bf8 64. Bg3 Kb4 65. Bb8 Kc5 66. f4 Bd6 67. Ba7+ Kd5 68. f5 gxf5 69.
Kd2 Be5 70. Ke2 Ke4 71. Kf2 Kf4 72. Bc5 Kg4 73. Be7 d3 74. cxd3 c3 75. Ke1
f4 76. g6 Kf5 77. Bd6 Bd4 78. Bc5 Bf6 79. Bd6 Bxh4+ 80. Ke2 Kxg6 81. Bxf4
Kf5 82. Bd6 Bg5 83. Ba3 c2 84. Bb2 h4 85. Kf3 Bf4 86. Kg2 Kg4 87. d4 h3+
88. Kh1 Be3 89. d5 Bf4 0-1

[Event "38th Olympiad"]
[Site "Dresden GER"]
[Date "2008.11.23"]
[Round "10"]
[White "Nogueiras Santiago,J"]
[Black "Zhigalko,A"]
[Result "1/2-1/2"]
[WhiteElo "2574"]
[BlackElo "2568"]
[EventDate "2008.11.13"]

1. c4 Nf6 2. Nc3 c5 3. g3 e6 4. Nf3 b6 5. Bg2 Bb7 6. O-O Be7 7. d4 cxd4 8.
Qxd4 d6 9. Bg5 O-O 10. Rad1 Nc6 11. Qf4 Qb8 12. Rd2 Ne5 13. Nxe5 dxe5 14.
Qh4 Bxg2 15. Kxg2 Qb7+ 16. f3 Rac8 17. b3 e4 18. Bxf6 exf3+ 19. exf3 Bxf6
20. Qe4 Qb8 21. Nb5 Rfd8 22. Rfd1 Rxd2+ 23. Rxd2 a6 24. Nd4 Rd8 25. f4 e5
26. fxe5 Qxe5 27. Qxe5 Bxe5 28. Nf3 Rxd2+ 29. Nxd2 f5 30. Nf3 Bf6 31. Ne1
Kf7 32. Nd3 g5 33. h3 g4 34. c5 bxc5 35. Nxc5 a5 36. hxg4 fxg4 37. Ne4 Bd8
38. Nf2 h5 39. Nd3 Bc7 1/2-1/2

[Event "38th Olympiad"]
[Site "Dresden GER"]
[Date "2008.11.23"]
[Round "10"]
[White "Barsov,A"]
[Black "Atlas,V"]
[Result "1/2-1/2"]
[WhiteElo "2513"]
[BlackElo "2465"]
[EventDate "2008.11.13"]

1. d4 Nf6 2. Nf3 e6 3. c4 b6 4. g3 Ba6 5. Qc2 Be7 6. e4 O-O 7. Nc3 c6 8.
Bg5 d5 9. cxd5 cxd5 10. Bxf6 Bxf6 11. exd5 exd5 12. O-O-O Qd6 13. Ne5 Bxf1
14. Rhxf1 Rc8 15. Kb1 Na6 16. f4 Nc7 17. Rc1 Ne6 18. Rfd1 a6 19. Qb3 Rd8
20. Na4 b5 21. Nc5 Nxc5 22. Rxc5 Qe6 23. Rdc1 Qf5+ 24. Ka1 Qe4 25. Rc7 Bxe5
26. dxe5 Qf5 27. R1c6 a5 28. a3 b4 29. a4 h5 30. Ka2 Qe4 1/2-1/2

[Event "38th Olympiad"]
[Site "Dresden GER"]
[Date "2008.11.23"]
[Round "10"]
[White "Baumegger,S"]
[Black "Safin,S"]
[Result "1-0"]
[WhiteElo "2445"]
[BlackElo "2510"]
[EventDate "2008.11.13"]

1. c4 e5 2. Nc3 Nc6 3. g3 f5 4. Bg2 Nf6 5. e3 d6 6. Nge2 g5 7. d4 Bg7 8. h4
g4 9. Bxc6+ bxc6 10. dxe5 Nd7 11. exd6 Ne5 12. e4 cxd6 13. Bf4 O-O 14. Bxe5
Bxe5 15. Qd2 fxe4 16. O-O Rb8 17. b3 Bf5 18. Nd4 Qf6 19. Rad1 Rbe8 20. Rfe1
e3 21. Rxe3 Bd7 22. Ne4 Qg7 23. c5 d5 24. Nd6 Bxd4 25. Rxe8 Bxf2+ 26. Qxf2
Bxe8 27. Qd4 Bg6 28. Qxg7+ Kxg7 29. Rd4 h5 30. Ra4 Rf3 31. Kg2 Rc3 32.
Rxa7+ Kf6 33. b4 d4 34. Kf2 Rf3+ 35. Ke1 Re3+ 36. Kd1 Rd3+ 37. Ke1 Re3+ 38.
Kf2 Rf3+ 39. Ke1 Rxg3 40. b5 cxb5 41. c6 Rc3 42. c7 Bf5 43. Ra8 Ke5 44.
Nxf5 Rxc7 45. Ng3 Rc1+ 46. Kd2 Rg1 47. Re8+ Kd6 48. Nxh5 Rh1 49. Ng3 Rh3
50. Nf5+ Kc5 51. Rc8+ Kd5 52. Rd8+ Ke4 53. Nd6+ Kf4 54. Nxb5 Rh2+ 55. Kd3
Rxa2 56. Nxd4 Ra3+ 57. Kd2 Ra2+ 58. Nc2 Kg3 59. h5 Ra6 60. Ne3 Kh4 61. Rd5
g3 62. Ke2 Rf6 63. Ke1 Ra6 64. Ke2 Rf6 65. h6 Rf7 66. Re5 Rf2+ 67. Kd3 Rf7
68. Ke4 Rf8 69. Rf5 Rh8 70. Ng2+ Kg4 71. Ne3+ Kh4 72. Rd5 Rf8 73. Ng2+ Kh3
74. Nf4+ Kg4 75. Ne6 Re8 76. Rg5+ Kh4 77. Kf5 Rh8 78. Kg6 Rg8+ 79. Kf7 Rh8
80. Kg7 Re8 81. Rg6 Re7+ 82. Kg8 Re8+ 83. Nf8 1-0

[Event "38th Olympiad"]
[Site "Dresden GER"]
[Date "2008.11.23"]
[Round "10"]
[White "Zelcic,R"]
[Black "Moradiabadi,E"]
[Result "1/2-1/2"]
[WhiteElo "2589"]
[BlackElo "2499"]
[EventDate "2008.11.13"]

1. e4 e5 2. Nf3 Nc6 3. d4 exd4 4. Nxd4 Nf6 5. Nxc6 bxc6 6. Nd2 d5 7. exd5
cxd5 8. Bb5+ Bd7 9. Bxd7+ Qxd7 10. O-O Be7 11. Nf3 O-O 12. Bg5 Qf5 13. Qd3
Qxd3 14. cxd3 h6 15. Bf4 c5 16. Rfe1 Rfe8 17. h3 a5 18. a4 c4 19. dxc4 dxc4
20. Rac1 Rac8 21. Re5 Bb4 22. Rxe8+ Nxe8 23. Rd1 Nc7 24. Bxc7 Rxc7 25. Rc1
Kf8 26. Kf1 Ke7 27. b3 Kd6 28. Nd4 Kd5 29. Rd1 Ke5 30. Nb5 Rc5 31. bxc4
Rxc4 32. g4 Bc5 33. Rd7 Rf4 34. Kg2 Rxf2+ 35. Kg3 Rf4 36. Nc7 Bf2+ 37. Kg2
Bh4 38. Rd5+ Ke4 39. Rxa5 Rf2+ 40. Kh1 Rc2 41. Na6 Kf3 42. Rc5 Ra2 43. Rc3+
Ke2 44. Nc5 Bf6 45. Rb3 Bd4 46. Ne4 Rxa4 47. Kg2 Ra7 48. Nc3+ Ke1 49. Rb1+
Kd2 50. Ne4+ Ke3 51. Re1+ Kf4 52. Ng3 Ra2+ 53. Re2 Rxe2+ 54. Nxe2+ Ke3 55.
Ng3 g6 56. Nf1+ Ke4 57. Ng3+ Kf4 58. Ne2+ Ke3 59. Ng1 Bc3 60. Nf3 Ke4 61.
Ng1 Bd4 62. Nf3 Bc5 63. Nh2 Be3 64. Nf3 Bf4 65. Ng1 Ke3 66. Nf3 Bd6 67. Nh4
Be5 68. Nf3 Ke4 69. Ng1 Kd5 1/2-1/2

[Event "38th Olympiad"]
[Site "Dresden GER"]
[Date "2008.11.23"]
[Round "10"]
[White "Ibrayev,N"]
[Black "Lanka,Z"]
[Result "1-0"]
[WhiteElo "2448"]
[BlackElo "2491"]
[EventDate "2008.11.13"]

1. d4 Nf6 2. Nf3 g6 3. c4 Bg7 4. g3 O-O 5. Bg2 d6 6. O-O Nc6 7. Nc3 a6 8.
d5 Na5 9. Nd2 c5 10. Qc2 Rb8 11. b3 b5 12. Rb1 Bf5 13. e4 Bd7 14. h3 e5 15.
a3 bxc4 16. bxc4 Qc7 17. Bb2 Rb7 18. Ne2 Rfb8 19. Bc3 Rxb1 20. Rxb1 Rxb1+
21. Qxb1 Nb7 22. f4 Bc8 23. Qb2 Nd7 24. Nc1 f6 25. Nd3 Nb6 26. Qb3 Bd7 27.
Kh2 Na4 28. Ba1 Na5 29. Qc2 Qb8 30. h4 Qd8 31. Bh3 Bxh3 32. Kxh3 Qd7+ 33.
Kg2 Nb6 34. Qc3 Nb7 35. Qb3 Nc8 36. Bc3 Bf8 37. Nf1 Nd8 38. Ne3 Qb7 39. Qd1
Qd7 40. f5 Bh6 41. Ng4 Bg7 42. Ne3 Bh6 43. Ng4 Bg7 44. fxg6 hxg6 45. Ngf2
f5 46. h5 fxe4 47. Nxe4 Qf5 48. Ndf2 gxh5 49. Qa4 Nf7 50. Qxa6 Bh6 51. Qa4
Kf8 52. Qd1 Nb6 53. Qb3 Nd7 54. a4 Be3 55. Bd2 Bxf2 56. Nxf2 e4 57. Bf4
Nfe5 58. a5 e3 59. Qxe3 Nxc4 60. Qf3 Kg7 61. a6 Nf6 62. a7 Nb6 63. Bxd6
Qxd5 64. Qxd5 Nfxd5 65. Bxc5 Kf6 66. Kf3 Ke6 67. Nd3 Na8 68. Nf4+ Ke5 69.
Nxh5 Ndc7 70. g4 Kd5 71. Be3 Kc6 72. Ke4 Nd5 73. g5 Ne7 74. Ke5 Kd7 75.
Nf6+ Kd8 76. Ke6 Ng6 77. Nd5 Ke8 78. Bc5 Kd8 79. Kf6 Nh4 80. Bf2 1-0

[Event "38th Olympiad"]
[Site "Dresden GER"]
[Date "2008.11.23"]
[Round "10"]
[White "Can,E"]
[Black "Chandler,M"]
[Result "1/2-1/2"]
[WhiteElo "2464"]
[BlackElo "2515"]
[EventDate "2008.11.13"]

1. e4 c5 2. c3 d5 3. exd5 Qxd5 4. d4 Nf6 5. Nf3 Bg4 6. Be2 e6 7. O-O Nc6 8.
Be3 cxd4 9. Nxd4 Bxe2 10. Qxe2 Nxd4 11. Bxd4 Be7 12. Rd1 Qf5 13. Nd2 O-O
14. Qf3 Qxf3 15. Nxf3 Rfc8 16. a4 Nd5 17. Rac1 f6 18. c4 Nb4 19. Be3 Rd8
20. Kf1 Kf7 21. b3 Nc6 22. Nd4 Nxd4 23. Bxd4 Ba3 24. Ra1 Bb4 25. Ke2 Ke7
26. Be3 a6 27. a5 Rxd1 28. Kxd1 Kd7 29. Ra4 Bd6 30. Kc2 Kc6 31. b4 Rd8 32.
h3 g5 33. Kb3 Bf4 34. b5+ axb5 35. cxb5+ Kxb5 36. Rb4+ Ka6 37. Bxf4 gxf4
38. Rxf4 f5 39. Rh4 Rd2 40. Rxh7 Rxf2 41. Re7 Rxg2 42. Rxe6+ Kxa5 43. Re5+
b5 44. Rxf5 Rg3+ 45. Kb2 Rxh3 46. Rf2 Ka4 47. Rf4+ 1/2-1/2

[Event "38th Olympiad"]
[Site "Dresden GER"]
[Date "2008.11.23"]
[Round "10"]
[White "Smith,Ro"]
[Black "Erdogdu,M"]
[Result "0-1"]
[WhiteElo "2316"]
[BlackElo "2449"]
[EventDate "2008.11.13"]

1. e4 c5 2. d3 Nc6 3. Nf3 g6 4. g3 Bg7 5. Bg2 d6 6. c3 e5 7. Na3 Nge7 8. h4
h6 9. Nc2 Be6 10. Be3 f5 11. Qd2 Qd7 12. b3 b6 13. exf5 gxf5 14. Rc1 Nd5
15. Na3 O-O-O 16. Ng1 f4 17. gxf4 exf4 18. Bxf4 Nxf4 19. Qxf4 Rde8 20. Kd1
Rhf8 21. Qd2 Be5 22. Nh3 d5 23. Kc2 Rg8 24. f4 Bxc3 25. Kxc3 Qg7+ 26. Kc2
Qxg2 27. Nf2 Nd4+ 28. Kb1 Bf5 29. Qb2 Kb7 30. Rhe1 a5 31. Ka1 Qf3 32. Qd2
Rxe1 33. Qxe1 Qxf4 34. Nc2 Re8 35. Qh1 Ka7 0-1

[Event "38th Olympiad"]
[Site "Dresden GER"]
[Date "2008.11.23"]
[Round "10"]
[White "Haznedaroglu,K"]
[Black "Nokes,R"]
[Result "1-0"]
[WhiteElo "2436"]
[BlackElo "2293"]
[EventDate "2008.11.13"]

1. e4 c5 2. Nf3 Nc6 3. d4 cxd4 4. Nxd4 Nf6 5. Nc3 e5 6. Ndb5 d6 7. Bg5 a6
8. Na3 b5 9. Nd5 Be7 10. Bxf6 Bxf6 11. c4 b4 12. Nc2 a5 13. Qf3 Be7 14. Be2
O-O 15. Qd3 Re8 16. Rd1 Bf8 17. O-O Rb8 18. b3 Rb7 19. Bf3 Kh8 20. Qe2 Be6
21. Rd3 g6 22. Rfd1 Rd7 23. Qd2 Nb8 24. a3 bxa3 25. Nxa3 Na6 26. Qb2 Bg7
27. Nb5 Nc5 28. R3d2 a4 29. bxa4 Qa5 30. Ndc3 Rb8 31. Be2 f5 32. Rxd6 Rxd6
33. Rxd6 fxe4 34. Qd2 Nb3 35. Qg5 Bg8 36. Rd7 Rf8 37. Rxg7 Kxg7 38. Qxe5+
Kh6 39. g4 Qd8 40. Nxe4 g5 41. Nbd6 Kg6 42. Bd3 Nc1 43. Bc2 Kh6 44. h4 gxh4
45. g5+ Kh5 46. Nf6+ Rxf6 47. gxf6+ 1-0

[Event "38th Olympiad"]
[Site "Dresden GER"]
[Date "2008.11.23"]
[Round "10"]
[White "Alvarez Marquez,J"]
[Black "Irwanto,S"]
[Result "1/2-1/2"]
[WhiteElo "2430"]
[BlackElo "2441"]
[EventDate "2008.11.13"]

1. d4 d5 2. c4 e6 3. Nf3 c6 4. e3 Nf6 5. Bd3 Nbd7 6. O-O Be7 7. Nbd2 O-O 8.
e4 dxe4 9. Nxe4 b6 10. Bf4 Nxe4 11. Bxe4 Bb7 12. Ne5 Nxe5 13. Bxe5 Bf6 14.
Qc2 g6 15. Rad1 Bxe5 16. dxe5 Qc7 17. Rd6 c5 18. Bxb7 Qxb7 19. Rfd1 Rac8
20. b3 Rc6 21. Rxc6 Qxc6 22. Rd6 Qb7 23. Qd3 Qa6 24. Qd2 Qb7 25. f3 b5 26.
Rd7 Qb8 27. cxb5 Qxb5 28. Rc7 Qb6 29. Qd6 Qa5 30. h3 Qxa2 31. Qxc5 Qxb3 32.
Rxa7 Rd8 33. Kh2 Qb2 34. Qc7 Rf8 35. Rb7 Qd4 36. Rb8 Rxb8 37. Qxb8+ Kg7 38.
Qb5 Qe3 39. h4 h5 40. Kh3 Qe1 41. Qc5 g5 42. hxg5 h4 43. Kh2 Qg3+ 44. Kh1
h3 45. Qc2 hxg2+ 46. Qxg2 Qe1+ 47. Kh2 Qxe5+ 48. Qg3 Qe3 49. f4 Qd2+ 50.
Kh3 Kg6 51. Qf3 Qd4 52. Kh4 Kg7 53. Kh3 Qd2 54. Qe4 Qc3+ 55. Kh4 Qd2 56.
Qe5+ Kg8 57. Qb8+ Kh7 58. Qe5 Qd3 59. Qf6 Kg8 60. Kg4 Qd1+ 61. Kg3 Qd5 62.
Kg4 Qd3 63. Qe5 Qf1 64. Qf6 Qg2+ 65. Kh4 Qe4 66. Kg4 1/2-1/2

[Event "38th Olympiad"]
[Site "Dresden GER"]
[Date "2008.11.23"]
[Round "10"]
[White "Soto Paez,O"]
[Black "Farid,F"]
[Result "1/2-1/2"]
[WhiteElo "2396"]
[BlackElo "2154"]
[EventDate "2008.11.13"]

1. e4 c5 2. Nf3 d6 3. d4 cxd4 4. Nxd4 Nf6 5. Nc3 a6 6. Be3 e6 7. f3 Nbd7 8.
g4 h6 9. Qd2 b5 10. O-O-O Bb7 11. h4 b4 12. Na4 Qa5 13. b3 Nc5 14. a3 Rc8
15. Qxb4 Qc7 16. Nxc5 dxc5 17. Qa4+ Nd7 18. Ne2 c4 19. b4 Bc6 20. Qxa6 Ra8
21. Qxc4 Rxa3 22. Bd4 e5 23. Kb2 Bxb4 24. Qxb4 Ra4 25. Qc3 O-O 26. Be3 Qb7+
27. Kc1 Rc8 28. Ng3 Bd5 29. Qb2 Rb4 30. Qa1 Bb3 31. Rh2 Ra4 32. Qb1 Ra2 33.
Nf5 Rc3 34. Rd3 Qb4 35. Rxd7 Qa3+ 36. Kd1 Ra1 37. Qxa1 Qxa1+ 38. Bc1 Rxf3
39. Bd3 Qc3 40. Ne3 Be6 41. Rd8+ Kh7 42. Ke2 Rf4 43. Rg2 Qa1 44. Rg1 h5 45.
gxh5 Rxh4 46. Kf2 Qa5 47. Rb8 Rxh5 48. Rb5 Qa7 49. Rg2 Qe7 50. Bd2 Qh4+ 51.
Ke2 Bh3 52. Be1 Qf6 53. Rf2 Qg6 54. Bc3 f6 55. Rb7 Qg3 56. Be1 Qg1 57. Rxf6
Bg4+ 58. Nxg4 Qxg4+ 59. Rf3 Qg2+ 60. Rf2 Qg4+ 61. Kd2 Rh1 62. Rff7 Qg5+ 63.
Kd1 Qe3 64. Rf1 Rh2 65. Bc3 Qc5 66. Bb2 Qe3 67. Rxg7+ Kh8 68. Bc1 Qh3 69.
Rgf7 Qg4+ 70. R7f3 Kg7 71. Be3 Rh1 72. Kd2 Rxf1 73. Rxf1 Qg2+ 74. Rf2 Qh3
75. Bc4 Qd7+ 76. Bd5 Qa4 77. Rf5 Qb4+ 78. Ke2 Qb5+ 79. Kf2 Qa4 80. Rf7+ Kg6
81. Rc7 Qb4 82. Rc6+ Kg7 83. Bc4 Qf8+ 84. Ke2 Qd8 85. Rc5 Qd6 86. Rd5 Qb4
87. Kd3 Qa3+ 88. Bb3 Kf6 89. Bd2 Qa6+ 90. Bc4 Qa1 91. Ke2 Qh1 92. Rd6+ Ke7
93. Re6+ Kd7 94. Bd5 Qg2+ 95. Kd1 Qf1+ 96. Be1 Qf3+ 97. Kc1 Qf1 98. Kd2
Qf4+ 99. Ke2 Qg4+ 100. Ke3 Qf4+ 101. Kd3 Qf3+ 102. Kd2 Qf4+ 103. Kd1 Qf3+
104. Kc1 Qf1 105. Kd2 Qf4+ 106. Kd1 Qf3+ 107. Kc1 Qf1 108. Kd1 Qf3+ 109.
Kd2 Qf4+ 110. Kd3 Qf3+ 111. Kd2 Qf4+ 112. Ke2 Qg4+ 113. Kd3 Qf3+ 114. Kd2
Qf4+ 1/2-1/2

[Event "38th Olympiad"]
[Site "Dresden GER"]
[Date "2008.11.23"]
[Round "10"]
[White "Kulaots,K"]
[Black "Gundavaa,B"]
[Result "1-0"]
[WhiteElo "2556"]
[BlackElo "2458"]
[EventDate "2008.11.13"]

1. e4 c5 2. Nf3 d6 3. d4 cxd4 4. Nxd4 Nf6 5. Nc3 a6 6. Be3 e6 7. f3 b5 8.
Qd2 Nbd7 9. g4 Nb6 10. a4 Nc4 11. Bxc4 bxc4 12. a5 Qc7 13. Na4 Nd7 14.
O-O-O Rb8 15. Ne2 Be7 16. Nb6 O-O 17. g5 Bb7 18. Nc3 Nxb6 19. Bxb6 Qc6 20.
Rhg1 Ba8 21. h4 Rb7 22. h5 Rfb8 23. Qd4 Rd7 24. f4 Bf8 25. h6 Re8 26. Qf2
g6 27. Qd4 f5 28. gxf6 e5 29. fxe5 Bxh6+ 30. Kb1 Rxe5 31. Qf2 Bf8 32. Qh4
Rf7 33. Rg4 Qe8 34. Bd4 Rxa5 35. Rdg1 Rd7 36. Rxg6+ Qxg6 37. Rxg6+ hxg6 38.
Qg4 Rf7 39. Qxg6+ Bg7 40. Qg2 1-0

[Event "38th Olympiad"]
[Site "Dresden GER"]
[Date "2008.11.23"]
[Round "10"]
[White "Hatanbaatar,B"]
[Black "Kanep,M"]
[Result "1/2-1/2"]
[WhiteElo "2375"]
[BlackElo "2526"]
[EventDate "2008.11.13"]

1. e4 c5 2. Nf3 d6 3. Bb5+ Nd7 4. d4 Ngf6 5. O-O cxd4 6. Qxd4 e5 7. Qd3 h6
8. c4 Be7 9. Nc3 O-O 10. Bxd7 Bxd7 11. Be3 Be6 12. Rfe1 Kh8 13. Nd2 Ng4 14.
Nf1 f5 15. f3 fxe4 16. Nxe4 Nf6 17. Red1 Nxe4 18. Qxe4 Qc8 19. b3 b5 20.
cxb5 d5 21. Qxe5 Bf6 22. Qg3 Bxa1 23. Rxa1 Qd7 24. Bd4 Bf5 25. Ne3 Rf7 26.
Rc1 Rc8 27. Rxc8+ Qxc8 28. h3 Be6 29. Qg6 Kg8 30. Kf2 Qe8 31. Kg1 Qc8 32.
Qg3 Rb7 33. Qe5 Qd7 34. f4 Qf7 35. f5 Bc8 36. a4 Kh7 37. g4 Re7 38. Qd6 Rd7
39. Qb8 Rc7 40. Be5 Rc1+ 41. Kf2 Qe7 42. Qd6 Qxd6 43. Bxd6 Rc3 44. Nxd5
Rxb3 45. Bc5 Bb7 46. Ne3 Rb2+ 47. Kg3 Ra2 48. Bxa7 Rxa4 49. Bc5 Ra5 50. Bd4
Rxb5 51. f6 gxf6 52. Bxf6 Kg6 53. Bd4 Rb4 54. Bc5 Re4 55. Nf5 Rc4 1/2-1/2

[Event "38th Olympiad"]
[Site "Dresden GER"]
[Date "2008.11.23"]
[Round "10"]
[White "Sepp,O"]
[Black "Bayarmandah,B"]
[Result "1-0"]
[WhiteElo "2448"]
[BlackElo "2339"]
[EventDate "2008.11.13"]

1. e4 e5 2. Nf3 Nc6 3. Bc4 Be7 4. d4 d6 5. dxe5 dxe5 6. Qxd8+ Bxd8 7. Nc3
Nge7 8. Be3 O-O 9. O-O-O Ng6 10. Rd2 h6 11. h4 Bg4 12. Nh2 Bc8 13. g3 Na5
14. Be2 Be6 15. b3 Re8 16. Kb2 a6 17. Rhd1 Nc6 18. h5 Nf8 19. f4 f5 20.
exf5 Bxf5 21. Bc4+ Be6 22. Bxe6+ Nxe6 23. f5 Ng5 24. Rd7 Rc8 25. Bxg5 Bxg5
26. Ne4 Nb8 27. R7d3 Be7 28. Ng4 Rf8 29. Rf1 Bf6 30. Nexf6+ gxf6 31. Nxh6+
Kg7 32. Ng4 Rh8 33. Rh1 Kf7 34. Nf2 Rcg8 35. g4 Rd8 36. Rxd8 Rxd8 37. Ne4
Rh8 38. h6 Nd7 39. Rh5 Nf8 40. g5 fxg5 41. Nxg5+ Ke7 42. Kc3 Nd7 43. Ne4
Nf8 44. Kc4 c6 45. Rg5 b5+ 46. Kc5 Rxh6 47. Rg7+ Kd8 48. Rg8 Ke7 49. Rg7+
Kd8 50. Nd6 Nd7+ 51. Kxc6 Nb8+ 52. Kd5 1-0